Определение германия в индии высокой чистоты методом амальгамной полярографии с накоплением; Заводская лаборатория; Т. 30, № 10

Dades bibliogràfiques
Parent link:Заводская лаборатория/ Министерство металлургической промышленности СССР.— , 1932-1994.— 0321-4265
Т. 30, № 10.— 1964.— с. 1180-1181
Autor principal: Степанова О. С.
Altres autors: Захаров М. С., Трушина Л. Ф.
Idioma:rus
Publicat: 1964
Matèries:
Format: MixedMaterials Capítol de llibre
KOHA link:https://koha.lib.tpu.ru/cgi-bin/koha/opac-detail.pl?biblionumber=442515

MARC

LEADER 00000naa2a2200000 4500
001 442515
005 20241227161302.0
035 |a (RuTPU)RU\TPU\prd\104131 
035 |a RU\TPU\tpu\1701 
090 |a 442515 
100 |a 20110329d1964 k||y0rusy50 ca 
101 0 |a rus 
102 |a RU 
200 1 |a Определение германия в индии высокой чистоты методом амальгамной полярографии с накоплением  |f О. С. Степанова, М. С. Захаров, Л. Ф. Трушина 
461 |0 (RuTPU)RU\TPU\prd\169  |x 0321-4265  |t Заводская лаборатория  |f Министерство металлургической промышленности СССР  |d 1932-1994 
463 |0 (RuTPU)RU\TPU\prd\104130  |t Т. 30, № 10  |v с. 1180-1181  |d 1964 
610 1 |a химические науки 
610 1 |a труды учёных ТПУ 
700 1 |a Степанова  |b О. С. 
701 1 |a Захаров  |b М. С. 
701 1 |a Трушина  |b Л. Ф. 
801 0 |a RU  |b 63413507  |c 20011210  |g PSBO 
801 2 |a RU  |b 63413507  |c 20110329  |g PSBO 
942 |c CR